| 000 | 01239nam a22003135a 4500 | ||
|---|---|---|---|
| 005 | 20171024141319.0 | ||
| 008 | 150707t2015 paua frbd 001 0 eng d | ||
| 020 | _a9781451193886 | ||
| 020 | _a1451193882 | ||
| 040 |
_aEG-ScBUE _beng _cEG-ScBUE _dEG-ScBUE |
||
| 082 | 0 | 4 |
_a610.73 _bFUN _222 |
| 245 | 0 | 0 |
_aFundamentals of nursing : _bthe art and science of person-centered nursing care / _cCarol Taylor ... [et al.] |
| 250 | _a8th ed. | ||
| 260 |
_aPhiladelphia : _bWolters Kluwer, _cc.2015. |
||
| 300 |
_axxxii, 1784 p. : _bill. (col.) ; _c28 cm. |
||
| 500 | _aIndex : p. 1747-1784. | ||
| 500 | _aGlossary : p. 1727-1746. | ||
| 500 | _aVisit http://thepoint.lww.com/activate to learn more about thePoint and the resources available. Use the code provided in the left page to access the student resources. | ||
| 504 | _aincludes bibliographical references. | ||
| 650 | 7 |
_aNursing Care. _2BUEsh |
|
| 650 | 7 |
_aNursing Process. _2BUEsh |
|
| 650 | 7 |
_aPatient-Centered Care. _2BUEsh |
|
| 651 | _2BUEsh | ||
| 653 |
_bNNUR _cJuly2015 _cOctober2017 |
||
| 655 |
_vText book _933728 |
||
| 700 | 1 |
_aTaylor, Carol. _913818 _q(Carol R.) |
|
| 856 |
_lAccess the student resources _uhttp://thepoint.lww.com/activate |
||
| 942 |
_2ddc _k610.73 FUN |
||
| 999 |
_c20281 _d20253 |
||